| 000 | 00439cam a2200181ua 4500 | ||
|---|---|---|---|
| 020 | _c18.00 | ||
| 041 |
_aeng _h |
||
| 082 |
_a828.09 _bDOB/RE |
||
| 100 | _aDobree, Bonamy . | ||
| 245 |
_aRestoration tragedy 1660-1720 / _cBonamy Dobree. _hTextual Documents |
||
| 250 |
_a1 / _b. |
||
| 260 |
_aOxford : _bClarendon Press , _c1929. |
||
| 300 | _a189 ; . | ||
| 365 | _a18.00 | ||
| 504 | _a | ||
| 942 | _cBK | ||
| 999 |
_c5738 _d5738 |
||